1733 1352 1873 1780 1882 1884 1614 1737 1007 1315 1738 1396 1452 1240 1486 1761 1906 1993 1549 1726 1974 1994 1213 1585 1874 1604 1773 1862 1106 1733 1628 1811 1607 1312 1576 1587 1647 1136 1311 1081 1622 1795 1686 1620 1759 1384 1848 1921 1999 1611 1271 1123 1779 1779 1981 1274 1546 1997 1726 1024 1970 1871 1604 1271 1025 1177 1079 1214 1560 1948 1854 1142 1291 1633 1756 1501 1065 1542 1164 1271 1695 1486 1749 1632 1694 1849 1802 1949 1130 1110 1237 1611 1985 1972 1966 1338 1691 1434 1524 BCNSPRNW ULIB Ver.6.0+V

เปลี่ยนเป็นภาษาไทย

Change to English
 แสดงรายละเอียดบรรณานุกรม
  กลับหน้าหลัก

Brief Record : Get Marc (ISO 2709) : E-mail record : QR code < ปิดหน้าต่าง
LEADER : 00000nam 2200000uu 4500
001    13399124676
003     ULIB
008    151120s2546||||th 000 0 tha d
099 00 ^aวจ.W 4^bว215ป
100 0  ^aวันทนา ขวัญเมือง
245 10 ^aปัจจัยด้านสถานการณ์ พฤติกรรมสร้างเสริมสุขภาพของพยาบาลโรงพยาบาลสุราษฎร์ธานี = Situational factors, health promoting behaviors among nurses in Surat Thani Hospital /^cวันทนา ขวัญเมือง
246 31 ^aSituational factors, health promoting behaviors among nurses in Surat Thani Hospital
260    ^aเชียงใหม่ :^bบัณฑิตวิทยาลัย มหาวิทยาลัยเชียงใหม่,^c2546
300    ^aญ, 84 แผ่น :^bตาราง
502    ^aวิทยานิพนธ์ (พยาบาลศาสตรมหาบัณฑิต (สาขาวิชาการบริหารการพยาบาล)) -- มหาวิทยาลัยเชียงใหม่
502    ^aบรรณานุกรม: แผ่น 55 - 60
610 27 ^aโรงพยาบาลสุราษฎร์ธานี
650  2 ^aDissertations, academic^xnursing
650  2 ^aHealth promotion
650  7 ^aพฤติกรรมสุขภาพ
650  7 ^aพยาบาล^xพฤติกรรมสุขภาพ
650  7 ^aการส่งเสริมสุขภาพ^zสุราษฎร์ธานี
710 2  ^aมหาวิทยาลัยเชียงใหม่.^bบัณฑิตวิทยาลัย
710 2  ^aมหาวิทยาลัยเชียงใหม่.^bสาขาวิชาการบริหารการพยาบาล
945    ^p0^l0^i000219
999    ^aวรรณษา ชูชัยมงคล
รายการนี้ยังไม่มีแท็ก
คุณยังไม่ได้ล็อกอิน คุณสามารถมีกิจกรรมร่วมกับเว็บไซต์ได้ แต่ต้องล็อกอินก่อน ::
  ล็อกอิน

รายการสื่อสารสนเทศ

ลำดับที่ ประเภท เลขเรียก/บาร์โค้ด สถานที่ สถานะ
1. วิทยานิพนธ์
วิทยานิพนธ์
วจ.W 4 ว215ป ฉ.1 
  Barcode: 000219
ห้องสมุดวิทยาเขตสวรรค์ประชารักษ์
► วิทยานิพนธ์
บนชั้น

รายการใกล้เคียง
    หัวเรื่อง [Health promotion]
    หัวเรื่อง [พฤติกรรมสุขภาพ]

BibComment


ยังไม่เคยถูกคอมเมนท์

คอมเมนท์ทรัพยากรรายการนี้
  คอมเมนท์: ปัจจัยด้านสถานกา..


 Copyright 2026. Bcnsprnw @Library